Personality characteristics of college athletes as measured by the Minnesota Multiphasic Personality Inventory (MMPI) /

Bibliographic Details
Main Author: Wang, Youde
Format: Thesis Microform Book
Language:English
Published: [Place of publication not identified] : [publisher not identified] ; 1984.
Subjects:

MARC

Tag First Indicator Second Indicator Subfields
LEADER 00000cam a2200000 a 4500
001 in00000032240
005 20151007060435.0
007 he bmb|||||||
008 860514r19861984orua bb 00010 eng d
035 |a (OCoLC)13570001 
035 |9 AAC0861AM 
040 |a ORU  |c INT  |d INT  |d HPE  |d TXA  |d UtOrBLW 
049 |a TXAI 
099 |a fiche  |a C  |a 9522 
100 1 |a Wang, Youde. 
245 1 0 |a Personality characteristics of college athletes as measured by the Minnesota Multiphasic Personality Inventory (MMPI) /  |c by Youde Wang. 
264 1 |a [Place of publication not identified] :  |b [publisher not identified] ;  |c 1984. 
300 |a iii, 42 leaves :  |b illustrations 
336 |a text  |b txt  |2 rdacontent 
337 |a microform  |b h  |2 rdamedia 
338 |a microfiche  |b he  |2 rdacarrier 
502 |b M.S.  |c Madison  |d 1984. 
504 |a Bibliography: leaves 40-42. 
533 |a Microfiche.  |b Eugene :  |c Microform Publications, College of Human Development and Performance, University of Oregon,  |d 1986.  |e 1 microfiche : negative ; 11 x 15 cm. 
500 |a Microform. 
650 0 |a Athletes  |x Psychology. 
650 0 |a Personality assessment. 
650 0 |a Minnesota Multiphasic Personality Inventory. 
999 |a MARS 
999 f f |s a33995c4-32fc-3740-b2c6-79f321f788b8  |i ec9c086a-51f5-3503-9e77-be236355c7ff  |t 0 
952 f f |p normal  |a Texas A&M University  |b College Station  |c Sterling C. Evans Library  |d Evans: Microforms (3rd floor)  |t 0  |e fiche C 9522  |h Other scheme  |i microform -- microfiche  |m A14823244646 
998 f f |a fiche C 9522  |t 0  |l Evans: Microforms (3rd floor)